Finis le titre de la chanson #12 - Statistiques

Statistiques générales
  • Ce quiz a été pris 342 fois
  • Le résultat moyen est 16 sur 30
Statistiques - réponses
Artistes Chanson Réponse % Correct
Louane "Jour..." 1
94%
Jacques Dutronc "Fais pas ci, fais pas..." Ça
90%
Scorpions "Still Loving..." You
90%
Dalida "Mourir sur..." Scène
84%
Tryo "Ce que l'on s'..." Aime
76%
Alain Souchon "J'ai dix..." Ans
75%
Pharrell Williams "Marylin..." Monroe
75%
Brigitte Bardot "Harley..." Davidson
74%
Pierre Barouh, Nicole Croisille "Un homme et une..." Femme
74%
Anaïs "Mon Coeur, Mon..." Amour
71%
Timbaland, Justin Timberlake, Nelly Furtado "Give It To..." Me
69%
Saez "Jeune et..." Con
61%
Dalida "Gigi l'..." Amoroso
57%
Andrea Bocelli, Giorgia "Vivo per..." Lei
57%
Dua Lipa "Dance The..." Night
46%
PNL "A l'..." Ammoniaque
43%
Lorenzo "Freestyle du..." Sale
43%
Jul "Avant la..." Douane
38%
Salvatore Adamo "Vous permettez..." Monsieur
38%
Rim'K, Ninho "Air..." Max
37%
Nekfeu, Nemir "Elle..." Pleut
36%
Eddy Mitchell "La dernière..." Séance
36%
Françoise Hardy "Comment te dire..." Adieu
35%
Nicoletta "Mamy..." Blue
35%
Ariana Grande "Yes,..." And?
32%
Anastacia "I'm Outta..." Love
31%
Jane Birkin "Di doo..." Dah
23%
Green Day "21..." Guns
21%
TLC "No..." Scrubs
16%
Steve Lacy "Bad..." Habit
10%
Aucun quiz correspondant
Distribution des résultats
% des personnes avec chaque résultat
Percentile par nombre de réponses
Votre historique - résultats
Vous n’avez pas pris ce quiz